| 000 | 02881nam0a2200457 4500 | ||
|---|---|---|---|
| 001 | RU\NLR\BIBL_A\012575953 | ||
| 005 | 20220805105153.0 | ||
| 010 |
_a978-5-6043173-0-3 _9500 |
||
| 021 |
_aRU _bКН-П-21-022507 _9КН-П-21-1753 |
||
| 035 | _a(NLR Aleph) 012575953 | ||
| 090 |
_a12506397 _c12506397 |
||
| 100 | _a20210806d2020 k y0rusy50 ca | ||
| 101 | 0 | _arus | |
| 102 | _aRU | ||
| 105 | _ay|||z|||000zy | ||
| 181 | 0 |
_ai4 _bab2e |
|
| 182 | 0 | _an | |
| 200 | 1 |
_aНовые социальные движения в сетевую эпоху: статьи, интервью, экспертные заключения _eмонография _fБараш Р.Э.,Момджян К.Х., Антоновский А.Ю. [и др.] _gответственный редактор: доктор философских наук, профессор Момджян К.Х. _gРусское общество истории и философии науки |
|
| 203 |
_aТекст _bвизуальный _cнепосредственный |
||
| 210 |
_aМосква _cРусское общество истории и философии науки _d2020 |
||
| 215 |
_a281, [2] с. _d21 |
||
| 225 | 1 | _aСерия: Библиотека кафедры социальной философии и философии истории филосовского факультета МГУ имени М.В. Ломоносова | |
| 300 | _aАвт. указаны на обороте тит. с. | ||
| 300 | _aНа с. 281 авт.: Бараш Р.Э., к.полит.н., Момджян К.Х., д.филос.н., проф., Антоновский А.Ю., д.филос.н. [и др.] | ||
| 320 | _aБиблиогр.: с. 275-280 (85 назв.) и в подстроч. примеч. | ||
| 606 | 1 |
_aОбщественные движения _xДеятельность _xПолитологический аспект _2nlr_sh2 _3RU\NLR\AUTH\6601704353 |
|
| 606 | 1 |
_aПротесты социальные _xИспользование INTERNET, глобальной информационной сети _2nlr_sh2 _3RU\NLR\AUTH\6601643895 |
|
| 686 | 1 | _aФ011.6 | |
| 686 | 1 | _aС550.72 | |
| 686 | 1 | _aС550.57 | |
| 701 | 1 |
_aБараш _bР. Э. _gРаиса Эдуардовна |
|
| 701 | 1 |
_aМомджян _bК. Х. _f1948- _gКарен Хачикович _3RU\NLR\AUTH\77125003 |
|
| 701 | 1 |
_aАнтоновский _bА. Ю. _cд-р филос. наук _f1971- _gАлександр Юрьевич _3RU\NLR\AUTH\770154371 |
|
| 702 | 1 |
_aМомджян _bК. Х. _f1948- _gКарен Хачикович _3RU\NLR\AUTH\77125003 _4340 |
|
| 712 | 0 | 2 |
_aРусское общество истории и философии науки _cМосква _3RU\NLR\AUTH\880519380 _4570 |
| 942 | _cBOOK | ||
| 980 | _aNBR | ||
| 980 | _aNB | ||